000 01871cam a2200493 a 4500
001 sjds1061466
003 sjds
005 20180421162149.0
008 100505s2010 maua a 000 1 eng
010 _a 2010009441
020 _a9781846864223 (pbk.)
020 _a1846864224 (pbk.)
035 _a433179
035 _a(OCoLC)613990858
035 _a433179
040 _aDLC
_cDLC
_dIFA
_dUtOrBLW
041 0 _aeng
_aspa
_heng
049 _aIFAA
099 _f2010
100 1 _aBlackstone, Stella,
_eauthor.
245 1 0 _aOso en casa =
_bBear at home /
_cStella Blackstone ; [illustrated by] Debbie Harter ; [translated by Vicki Cerutti].
246 3 1 _aBear at home
250 _aPaperback edition.
260 _aCambridge, MA :
_bBarefoot Books,
_c2010.
264 1 _aCambridge, MA :
_bBarefoot Books,
_c2010.
300 _a1 volume (unpaged) :
_bcolor illustrations ;
_c25 cm
336 _atext
_btxt
_2rdacontent
337 _aunmediated
_bn
_2rdamedia
338 _avolume
_bnc
_2rdacarrier
520 _aBear gives a tour through each room in his house, describing what he likes, such as the comfortable chair in the study.
520 _aOso muestra cada habitación en su casa, y describe lo que a él le gusta, como la silla cómoda en el estudio.
521 8 _aNC 740
_bLexile
526 0 _aAccelerated Reader
_bLG
_c1.8
_d0.5
_z80667
650 0 _aStories in rhyme
_vJuvenile literature.
650 7 _aCuentos en rima
_vLiteratura juvenil.
_2bidex
650 0 _aBears
_vJuvenile fiction.
650 7 _aOsos
_vNovela juvenil.
_2bidex
650 0 _aDwellings
_vJuvenile fiction.
650 7 _aViviendas
_vNovela juvenil.
_2bidex
650 0 _aSpanish language materials
_xBilingual
_vJuvenile literature.
650 7 _aMateriales bilingües en español
_vLiteratura juvenil.
_2bidex
700 1 _aHarter, Debbie,
_eillustrator.
942 _cBK
999 _c19431
_d19431